| 000 | 00748nas a2200265 4500 | ||
|---|---|---|---|
| 001 | BR9207449 | ||
| 003 | BR-BrBNA | ||
| 005 | 20231205095030.0 | ||
| 007 | ta | ||
| 008 | 230509b bl.|||p| |||| 00| 00por d | ||
| 040 |
_aBR-BrBNA _bpor _cBiblioteca Nacional de Agricultura |
||
| 041 | _a(Pt) | ||
| 072 | _aF03 | ||
| 100 | 1 | _aSouza, P.R. de | |
| 100 | 1 | _aMenezes, V.G. | |
| 245 | 1 | _aAcido giberelico no tratamento de semente de arroz irrigado | |
| 650 | _aAcido Giberelico | ||
| 650 | _aSemente | ||
| 650 | _aArroz | ||
| 650 | _aIrrigacao | ||
| 650 | _aPratico | ||
| 773 | 0 |
_tLavoura Arrozeira (Brazil) _xISSN 0023-9143 _g(Nov-Dec 1991), v. 44(399) p. 3-4 _wBR9207449 |
|
| 909 |
_a202311 _bLúcia _c55 _dLúcia Elande |
||
| 942 |
_2AGRIS _n0 _cANA |
||
| 999 |
_c148360 _d148360 |
||